Fortalecimiento de las capacidades comunitarias a través de la gestión integral del riesgo en el Área Metropolitana de Guadalajara /
में बचाया:
| मुख्य लेखक: | |
|---|---|
| स्वरूप: | थीसिस पुस्तक |
| भाषा: | स्पेनिश |
| प्रकाशित: |
Guadalajara, México :
edición de autor,
2025
|
| विषय: | |
| ऑनलाइन पहुंच: | Ver documento en línea |
| टैग: |
कोई टैग नहीं, इस रिकॉर्ड को टैग करने वाले पहले व्यक्ति बनें!
|
MARC
| LEADER | 00000nam^a2200000^a^4500 | ||
|---|---|---|---|
| 001 | 000623423 | ||
| 005 | 20251027000000.0 | ||
| 009 | 20260310133936.711 | ||
| 037 | |a Acervo ITESO - Biblioteca | ||
| 041 | |a ESP | ||
| 090 | |a MCE. 82 | ||
| 100 | |a Guzmán Gutiérrez, Laura Elena |e (autor) | ||
| 245 | 1 | 0 | |a Fortalecimiento de las capacidades comunitarias a través de la gestión integral del riesgo en el Área Metropolitana de Guadalajara / |c L.E. Guzmán Gutiérrez. |
| 264 | 1 | |a Guadalajara, México : |b edición de autor, |c 2025 | |
| 300 | |a 1 tesis electrónica en línea (130 p.) | ||
| 300 | |a 1 recurso en línea | ||
| 336 | |a datos para computadora |b cod |2 rdacontenido | ||
| 337 | |a computadora |b c |2 rdamedio | ||
| 338 | |a recurso en línea |b cr |2 rdasoporte | ||
| 502 | |a ITESO Tesis de Maestría en Ciudad y Espacio Público Sustentable | ||
| 649 | |a XX | ||
| 650 | |a Inundaciones - |z Guadalajara, Jalisco - |x Prevención - |x Tema Principal | ||
| 650 | |a Desastres Naturales - |z Guadalajara, Jalisco - |x Prevención | ||
| 650 | |a Riesgo Ambiental - |x Administración - |x Guadalajara, Jalisco | ||
| 650 | |a Participación Social - |z Guadalajara, Jalisco - |x Tema Principal | ||
| 650 | |a Vulnerabilidad Social - |z Guadalajara, Jalisco | ||
| 650 | |a Problemas Sociales - |z Guadalajara, Jalisco | ||
| 650 | |a Política Urbana - |z Guadalajara, Jalisco | ||
| 856 | 4 | 0 | |u https://hdl.handle.net/11117/11831 |y Ver documento en línea |
| 910 | |a Fondo General | ||
| 920 | |a Electrónicos - Tesis del ITESO en Línea | ||
| 930 | |a Repositorio Institucional | ||
| 905 | |a 201 | ||
| 901 | |a 623423-1 |b IT2 |c ETI |u 20251027 | ||
| 902 | |a https://opac.biblio.iteso.mx/vufind/Record/000623423 | ||